Music Quiz

Random Music Quiz

The Clash: 30 Most Acclaimed Songs Quiz Stats

 Plays Quiz not verified by Sporcle

Score 0/30 Timer 12:00
0 Plays Today
Rank Song % Correct
#2London Calling
99%
#18Should I Stay or Should I Go
91.3%
#11Rock the Casbah
89.6%
#5Train in Vain (Stand By Me)
86.5%
#4White Riot
77.9%
#9Lost in the Supermarket
77.2%
#17The Guns of Brixton
75.1%
#3(White Man) in Hammersmith Palais
73.7%
#8The Magnificent Seven
73.4%
#1Straight to Hell
69.6%
#15I Fought the Law
68.9%
#10Spanish Bombs
67.8%
#7Clampdown
67.1%
#6Complete Control
63%
#28Tommy Gun
62.3%
Rank Song % Correct
#20Rudie Can't Fail
60.9%
#14Police and Thieves
59.2%
#26Janie Jones
58.1%
#19Death or Glory
55.4%
#12London's Burning
54.7%
#25Bankrobber
53.3%
#13Career Opportunities
51.9%
#24I'm So Bored with the USA
49.5%
#22Know Your Rights
49.1%
#16Safe European Home
48.8%
#21Clash City Rockers
45.3%
#27Police on My Back
44.6%
#23Stay Free
40.8%
#30Armagideon Time
27.3%
#291977
26.3%

You're not logged in!

Compare scores with friends on all Sporcle quizzes.
OR
Log In

Sporcle TV

Today on Sporcle TV


Watch our educational content, quiz creation guides, and fun videos on Sporcle TV.

Show Comments

Extras

Top Quizzes Today


Score Distribution

Your Account Isn't Verified!

In order to create a playlist on Sporcle, you need to verify the email address you used during registration. Go to your Sporcle Settings to finish the process.

Report this User

Report this user for behavior that violates our Community Guidelines.

Details: